Síndics defensors de la ciutadania : apunts per a la seva implementació / coordinació: Oficina de Participació Ciutadana de l'Àrea d'Igualtat i Ciutadania de la Diputació de Barcelona apunts per a la seva implementació / coordinació:
ISBN:
978-84-9803-299-4
Publicado:
Barcelona :
Diputació de Barcelona. Àrea d'Igualtat i Ciutadania. Oficina de Participació Ciutadana ,
2008
Descripción Física:
65 p. ; 29 cm
Materias:
Síndics de greuges
MARC
| LEADER | 00000nam a2200000Ia 4500 | ||
|---|---|---|---|
| 001 | 21309 | ||
| 008 | 160829s2008 xx 000 0 cat d | ||
| 020 | |a 978-84-9803-299-4 | ||
| 080 | |a S-1-277 | ||
| 245 | |a Síndics defensors de la ciutadania : |b apunts per a la seva implementació / coordinació: |b Oficina de Participació Ciutadana de l'Àrea d'Igualtat i Ciutadania de la Diputació de Barcelona | ||
| 260 | |a Barcelona : |b Diputació de Barcelona. Àrea d'Igualtat i Ciutadania. Oficina de Participació Ciutadana, |c 2008 | ||
| 300 | |a 65 p. ; |c 29 cm | ||
| 490 | |a Documents de treball. Igualtat i Ciutadania ; 10 | ||
| 650 | |a Síndics de greuges |9 41013 | ||
| 710 | 1 | |a Barcelona (Catalunya : Província). |b Oficina de Participació Ciutadana |e entitat coordinadora |9 54951 | |
| 901 | |a Arxiu | ||
| 942 | |n 1 |2 udc | ||
| 952 | |0 0 |1 0 |4 0 |6 S1277 |7 1 |9 49996 |a Arxiu |b Arxiu |d 2016-12-01 |l 0 |o S-1-277 |p 21309 |r 2016-12-01 00:00:00 |w 2016-12-01 |y ARXIU | ||
| 999 | |c 53838 |d 53838 | ||